• 首页
  • 本馆介绍
  • 公告通知
  • 最新文献
  • 馆藏检索
  • 电子资源
  • 读者导购
  • 参考咨询
  • 我的图书馆
  • 登录
  • 详细信息显示
  • 放入我的书架
  • 预约/预借图书
  • 作者相关作品
  • 分类相关作品
  • 丛书相关作品
  • 出版社相关作品

书目信息

  • 表格格式
  • 工作单格式
  • 卡片格式
题名:
证券市场的风险与心理
    
 
作者: 波涛 著
分册:  
出版信息: 北京   中国社会科学出版社  2006
页数: 263页
开本: 23cm
丛书名:
单 册:
中图分类: F830.91
科图分类:
主题词: 股票 , 证券投资 , 股票--证券投资--市场心理学 , 市场心理学
电子资源:
ISBN: 7-5004-5786-3
000 00848nam0 2200253 450
001 003283459
005 20070805164632.42
010    @a7-5004-5786-3@dCNY36.00
100    @a20060529d2006 em y0chiy0110 ea
101 0  @achi
102    @aCN@b110000
105    @ay z 000yy
200 1  @a证券市场的风险与心理@9zheng quan shi chang de feng xian yu xin li@f波涛著
210    @a北京@c中国社会科学出版社@d2006
215    @a263页@d23cm
330    @a本书共分五章,内容包括:人生观与风险观、投资理论与投资方法中的风险观、大众投机事件中的风险与心理、投资界长期争论问题中的风险与心理、如何防范证券市场的人性风险。
606 0  @a股票
606 0  @a证券投资
606 0  @a股票@x证券投资@x市场心理学
606 0  @a市场心理学
690    @aF830.91@v4
701  0 @a波涛@9bo tao@c(证券投资)@4著
801  0 @aCN@bNLC@c20070805
905    @a10447@dF830.91@e127
    
    证券市场的风险与心理/波涛著.-北京:中国社会科学出版社,2006
    263页;23cm
    
    
    ISBN 7-5004-5786-3:CNY36.00
    本书共分五章,内容包括:人生观与风险观、投资理论与投资方法中的风险观、大众投机事件中的风险与心理、投资界长期争论问题中的风险与心理、如何防范证券市场的人性风险。
●
相关链接 在E读中查询图书 在五车中查询图书 在当当中查询图书 在豆瓣中查询图书


正题名:证券市场的风险与心理     索取号:F830.91/127         预约/预借

序号 登录号 条形码 馆藏地/架位号 状态 备注
1 0809187   208091875   第一样本阅览室/ [索取号:F830.91/127] 在馆    
2 0809188   208091884   第一借阅区/ [索取号:F830.91/127] 在馆    
3 0809189   208091893   密集书库/ [索取号:F830.91/127] 在馆    
4 0809190   208091900   第一借阅区/ [索取号:F830.91/127] 在馆    
5 0809191   208091919   密集书库/ [索取号:F830.91/127] 在馆    
6 0809192   208091928   第一借阅区/ [索取号:F830.91/127] 在馆    
7 0809193   208091937   第一借阅区/ [索取号:F830.91/127] 在馆    
8 0809194   208091946   密集书库/ [索取号:F830.91/127] 在馆    
9 0809195   208091955   密集书库/ [索取号:F830.91/127] 在馆    
10 0809196   208091964   密集书库/ [索取号:F830.91/127] 在馆    
唐山师范学院图书馆 欢迎您!
大连网信软件有限公司© 版权所有